[Event "Mechanics' Winter TNM; 30/90, SD/30"]
[Site "San Francisco"]
[Date "2011.01.25"]
[Round "4.8"]
[White "Abraham, Renjish"]
[Black "Grey, Peter"]
[Result "0-1"]
[WhiteElo "1817"]
[BlackElo "2001"]
[PlyCount "62"]
[EventDate "2011.??.??"]

1. d4 Nf6 2. c4 g6 3. Nc3 d5 4. cxd5 Nxd5 5. e4 Nxc3 6. bxc3 Bg7 7. Nf3 c5 8.
Bb5+ Nc6 9. O-O O-O 10. Bxc6 bxc6 11. Be3 Ba6 12. Re1 Qa5 13. Qc2 Rac8 14. Rac1
Rfd8 15. Red1 Bb5 16. Rd2 Ba4 17. Qb2 cxd4 18. cxd4 c5 19. Qa3 Qb4 20. Qxb4
cxb4 21. Rc5 Rxc5 22. dxc5 Rxd2 23. Bxd2 a5 24. Ne1 Bd4 25. Be3 Bxe3 26. fxe3
Bc6 27. e5 Bd5 28. Nd3 Kf8 29. Nc1 Ke8 30. g3 Kd7 31. Kf2 Kc6 0-1

[Event "Mechanics' Winter TNM; 30/90, SD/30"]
[Site "San Francisco"]
[Date "2011.02.08"]
[Round "6.8"]
[White "Abraham, Renjish"]
[Black "Margulis, Igor"]
[Result "0-1"]
[WhiteElo "1817"]
[BlackElo "2100"]
[PlyCount "38"]
[EventDate "2011.??.??"]

1. d4 g6 2. c4 Bg7 3. Nc3 d6 4. e4 Nf6 5. Bd3 (5. f4 O-O 6. Nf3 c5 7. d5 e6 8.
Be2 exd5 9. exd5 Nbd7) 5... Nc6 6. d5 (6. Nge2) 6... Ne5 7. Be2 O-O 8. f4 Ned7
9. Nf3 e6 10. O-O (10. dxe6 fxe6 11. O-O) 10... exd5 11. cxd5 (11. exd5) 11...
Re8 12. Qc2 Nc5 13. Nd2 (13. Bd3) 13... Bg4 $1 (13... Ng4 $1) 14. Bxg4 Nxg4 15.
Nf3 c6 (15... Bxc3 16. bxc3 Nxe4 (16... Rxe4 17. h3 Ne3) 17. h3 Ngf6 18. c4)
16. Re1 $2 (16. h3 Qb6 17. hxg4 Nb3+ 18. Kh2 Nxa1 19. Qd3 $17) 16... Qb6 17.
Kf1 f5 18. h3 Bxc3 19. bxc3 Nxe4 0-1

[Event "Mechanics' Winter TNM; 30/90, SD/30"]
[Site "San Francisco"]
[Date "2011.02.01"]
[Round "5.15"]
[White "Allen, Tom"]
[Black "Abraham, Renjish"]
[Result "0-1"]
[WhiteElo "1507"]
[BlackElo "1817"]
[PlyCount "32"]
[EventDate "2011.??.??"]

1. e4 c5 2. d4 cxd4 3. c3 dxc3 4. Nxc3 e6 5. Nf3 Bb4 6. Qd4 Bxc3+ 7. Qxc3 f6 8.
e5 Nc6 9. exf6 Nxf6 10. a3 O-O 11. Bd3 e5 12. Bg5 e4 13. Bxf6 Rxf6 14. Qb3+ d5
15. Bxe4 Re6 16. Nd2 dxe4 0-1

[Event "Mechanics' Winter TNM; 30/90, SD/30"]
[Site "San Francisco"]
[Date "2011.01.04"]
[Round "1.12"]
[White "Allen, Tom"]
[Black "Byambaa, Uyanga"]
[Result "0-1"]
[WhiteElo "1507"]
[BlackElo "1829"]
[PlyCount "52"]
[EventDate "2011.??.??"]

1. e4 c5 2. b4 cxb4 3. a3 e5 4. Nf3 Nc6 5. Bc4 h6 6. d4 exd4 7. Nxd4 Nf6 8. O-O
Be7 9. Re1 Ne5 10. Bb3 O-O 11. Bf4 Ng6 12. Bg3 d5 13. exd5 Nxd5 14. Nb5 Be6 15.
Bxd5 Qxd5 16. Qxd5 Bxd5 17. Nc7 Rad8 18. Nxd5 Rxd5 19. c4 Rd3 20. axb4 Bxb4 21.
Rc1 Rfd8 22. h3 Ne7 23. Be5 Nc6 24. Bb2 Nd4 25. Kh2 Nb3 26. Ra4 Bd6+ 0-1

[Event "Mechanics' Winter TNM; 30/90, SD/30"]
[Site "San Francisco"]
[Date "2011.01.18"]
[Round "3.16"]
[White "Allen, Tom"]
[Black "Chalissery, Jossy"]
[Result "0-1"]
[WhiteElo "1507"]
[BlackElo "1690"]
[PlyCount "40"]
[EventDate "2011.??.??"]

1. e4 b6 2. d4 Bb7 3. Bd3 e6 4. Nf3 Nf6 5. Qe2 c5 6. c3 Be7 7. O-O O-O 8. a3
Nc6 9. b4 cxd4 10. cxd4 Rc8 11. Bb2 d5 12. Ng5 dxe4 13. Nxe4 Nxd4 14. Bxd4 Qxd4
15. Nbd2 Rfd8 16. Ba6 Bxa6 17. Qxa6 Nxe4 18. Nxe4 Qxe4 19. Qxa7 Bf6 20. Rfe1
Qc6 0-1

[Event "Mechanics' Winter TNM; 30/90, SD/30"]
[Site "San Francisco"]
[Date "2011.02.15"]
[Round "7.19"]
[White "Allen, Tom"]
[Black "Habeeb, Kenneth"]
[Result "1-0"]
[WhiteElo "1507"]
[BlackElo "1524"]
[Annotator "Donaldson"]
[PlyCount "27"]
[EventDate "2011.??.??"]

1. e4 c5 2. d4 cxd4 3. c3 dxc3 4. Nxc3 Nc6 5. Nf3 d6 6. Bc4 Nf6 $6 (6... a6) 7.
e5 $1 dxe5 8. Qxd8+ Nxd8 9. Nxe5 (9. Nb5 $1) 9... a6 (9... e6) 10. O-O b5 $6 (
10... e6) 11. Bb3 Bb7 12. Rd1 h6 $4 (12... e6) 13. Rxd8+ $1 Rxd8 (13... Kxd8
14. Nxf7+ Kc7 15. Nxh8 $18) 14. Bxf7# 1-0

[Event "Mechanics' Winter TNM; 30/90, SD/30"]
[Site "San Francisco"]
[Date "2011.02.01"]
[Round "5.10"]
[White "Alzhin, Leonid"]
[Black "Anderson, Michael"]
[Result "1-0"]
[WhiteElo "1563"]
[BlackElo "1907"]
[PlyCount "107"]
[EventDate "2011.??.??"]

1. d4 Nf6 2. c4 e6 3. Nc3 c5 4. d5 exd5 5. cxd5 d6 6. Nf3 g6 7. g3 Bg7 8. Bg2
O-O 9. O-O Re8 10. Re1 Na6 11. Bg5 h6 12. Bxf6 Qxf6 13. e4 Bd7 14. Nd2 b5 15.
Rb1 Nb4 16. Bf1 Rab8 17. a3 Na6 18. Bg2 Nc7 19. Ne2 Re7 20. Nb3 a6 21. Na5 Rb6
22. f4 Bg4 23. Nc6 Re8 24. e5 dxe5 25. fxe5 Qf5 26. d6 Bxe2 27. Rxe2 Rxc6 28.
Bxc6 Rd8 29. Qe1 Ne6 30. b4 Nd4 31. Rf2 Qxe5 32. Qxe5 Bxe5 33. Bd5 Rxd6 34.
Bxf7+ Kh8 35. bxc5 Rc6 36. Kh1 Rxc5 37. Bxg6 Ne6 38. Rbf1 Bd4 39. Rd2 Rc3 40.
Re1 Nf8 41. Rxd4 Nxg6 42. Re8+ Kg7 43. Rd7+ Kf6 44. Rd6+ Kf7 45. Ree6 Ne7 46.
Rxa6 Nd5 47. Rxh6 Ne3 48. Rhf6+ Kg7 49. Rg6+ Kh7 50. h4 Rc1+ 51. Kh2 Rc2+ 52.
Kh3 Rc1 53. g4 Rc3 54. Kh2 1-0

[Event "Mechanics' Winter TNM; 30/90, SD/30"]
[Site "San Francisco"]
[Date "2011.02.22"]
[Round "8.13"]
[White "Alzhin, Leonid"]
[Black "Chamberlain, Ethan"]
[Result "0-1"]
[WhiteElo "1563"]
[BlackElo "1844"]
[PlyCount "70"]
[EventDate "2011.??.??"]

1. d4 Nf6 2. c4 g6 3. Nc3 d5 4. cxd5 Nxd5 5. e4 Nxc3 6. bxc3 Bg7 7. Nf3 c5 8.
Qc2 Bg4 9. Bb5+ Nd7 10. Ne5 a6 11. Bxd7+ Bxd7 12. Nxd7 Qxd7 13. d5 O-O 14. f4
e6 (14... f5 $1) 15. dxe6 Qxe6 16. O-O Qc4 17. Bd2 Rfd8 18. Rae1 Rd3 (18... Qd3
$1) 19. e5 Rad8 20. Re2 Bh6 21. Rfe1 Bxf4 22. Bxf4 Qxf4 23. Re4 Rd2 24. Rxf4
Rxc2 25. Rc4 Rdd2 26. Rxc5 Rxg2+ 27. Kh1 Rxh2+ 28. Kg1 Rcg2+ 29. Kf1 Rxa2 30.
Kg1 Rhg2+ 31. Kh1 Rge2 32. Rd1 b5 33. Kg1 h5 34. c4 bxc4 35. Rxc4 Rxe5 0-1

[Event "Mechanics' Winter TNM; 30/90, SD/30"]
[Site "San Francisco"]
[Date "2011.01.25"]
[Round "4.11"]
[White "Alzhin, Leonid"]
[Black "Dembling, Arthur"]
[Result "1-0"]
[WhiteElo "1563"]
[BlackElo "1799"]
[PlyCount "93"]
[EventDate "2011.??.??"]

1. d4 Nf6 2. c4 e6 3. Nc3 Bb4 4. a3 Bxc3+ 5. bxc3 c5 6. Nf3 O-O 7. e3 Nc6 8.
Bd3 b6 9. O-O Ba6 10. Rb1 Na5 11. Qe2 Rc8 12. e4 cxd4 13. cxd4 Bxc4 14. Bg5
Bxd3 15. Qxd3 h6 16. e5 hxg5 17. Nxg5 g6 18. exf6 Qxf6 19. f4 Nc6 20. Rbd1 Ne7
21. Kh1 Nd5 22. Qh3 Qg7 23. g4 Rc3 24. Rd3 Rfc8 25. f5 Rxd3 26. Qxd3 Rc3 27.
Qb5 Rc7 28. fxe6 dxe6 29. Rf3 Rc1+ 30. Kg2 Rc2+ 31. Kh1 Rc1+ 32. Kg2 Rc2+ 33.
Kh1 Nf6 34. h3 Rc1+ 35. Kg2 Rc2+ 36. Kg3 Rc7 37. Qe5 Nd5 38. Qe4 Rc3 39. Rxc3
Nxc3 40. Qa8+ Qf8 41. Qxa7 Qd6+ 42. Kh4 Qf8 43. Kg3 Nd5 44. Qd7 Nf6 45. Qa7 Nd5
46. a4 Kg7 47. Nxe6+ 1-0

[Event "Mechanics' Winter TNM; 30/90, SD/30"]
[Site "San Francisco"]
[Date "2011.01.11"]
[Round "2.19"]
[White "Alzhin, Leonid"]
[Black "James, Charles"]
[Result "1/2-1/2"]
[WhiteElo "1563"]
[BlackElo "1395"]
[PlyCount "100"]
[EventDate "2011.??.??"]

1. d4 Nf6 2. c4 g6 3. Nc3 Bg7 4. Nf3 d6 5. g3 O-O 6. Bg2 Nbd7 7. O-O e6 8. Bf4
Re8 9. Qd2 Nh5 10. Bg5 f6 11. Be3 f5 12. Bg5 Nhf6 13. Rad1 Qe7 14. Nb5 Nb6 15.
b3 a6 16. Nc3 e5 17. d5 Bd7 18. Ne1 e4 19. e3 Rad8 20. Ne2 h6 21. Bxf6 Bxf6 22.
Nc2 c6 23. f3 cxd5 24. cxd5 Bb5 25. Rfe1 Rc8 26. Rc1 Bd3 27. Nb4 Bxe2 28. Rxc8
Rxc8 29. Rxe2 Bc3 30. Nc6 Rxc6 31. Qd1 Rc5 32. fxe4 fxe4 33. Qb1 Rxd5 34. Bxe4
Re5 35. Bxg6 Rxe3 36. Rxe3 Qxe3+ 37. Kg2 Qe2+ 38. Kh3 Kg7 39. Qf5 Qe7 40. Qd3
Be5 41. Bf5 Nd7 42. b4 b5 43. Qa3 Nb8 44. Qd3 Nc6 45. Qe4 Nd4 46. Bc8 Qf7 47.
Bxa6 Qxa2 48. Qg4+ Kf6 49. Qh4+ Kg6 50. Qg4+ Kh7 1/2-1/2

[Event "Mechanics' Winter TNM; 30/90, SD/30"]
[Site "San Francisco"]
[Date "2011.02.08"]
[Round "6.12"]
[White "Anderson, Michael"]
[Black "Dembling, Arthur"]
[Result "1-0"]
[WhiteElo "1907"]
[BlackElo "1799"]
[PlyCount "61"]
[EventDate "2011.??.??"]

1. e4 e6 2. f4 d5 3. e5 c5 4. Nf3 Nc6 5. c3 Nh6 6. Na3 a6 7. Nc2 Nf5 8. Bd3
Nfe7 9. O-O Ng6 10. Bxg6 hxg6 11. d4 Be7 12. Be3 Qb6 13. Rb1 Bd7 14. a3 cxd4
15. Bxd4 Nxd4 16. Ncxd4 O-O-O 17. a4 Kb8 18. b4 Qc7 19. Qc2 Rc8 20. Rfc1 Qc4
21. Nd2 Qc7 22. Qa2 g5 23. b5 axb5 24. axb5 Qb6 25. Kh1 Rh4 26. N2b3 Rch8 27.
h3 g4 28. Na5 gxh3 29. g3 Rg4 30. Nac6+ Bxc6 31. bxc6 1-0

[Event "Mechanics' Winter TNM; 30/90, SD/30"]
[Site "San Francisco"]
[Date "2011.01.11"]
[Round "2.9"]
[White "Anderson, Michael"]
[Black "Fuentes, Romulo"]
[Result "0-1"]
[WhiteElo "1907"]
[BlackElo "2247"]
[PlyCount "68"]
[EventDate "2011.??.??"]

1. e4 c5 2. d4 cxd4 3. c3 dxc3 4. Nxc3 Nc6 5. Nf3 a6 6. Bc4 e6 7. O-O Bc5 8.
Qe2 Nge7 9. Bg5 f6 10. Bh4 Ng6 11. Bg3 b5 12. Bb3 Na5 13. Bc2 O-O 14. Rad1 Qb6
15. h4 Nc4 16. Bb1 d6 17. h5 Nge5 18. Nd2 Nxb2 19. Rc1 Bd7 20. Nb3 Nbc4 21. Kh1
Bc6 22. f4 Nf7 23. Qg4 Ne3 24. Qxe6 Rae8 25. Qh3 Nxf1 26. Rxf1 b4 27. Nd5 Bxd5
28. exd5 Nh6 29. Bh4 Re3 30. Rf3 Rxf3 31. Qxf3 Re8 32. Qd3 f5 33. g4 Bf2 34.
Bg5 Re1+ 0-1

[Event "Mechanics' Winter TNM; 30/90, SD/30"]
[Site "San Francisco"]
[Date "2011.01.25"]
[Round "4.10"]
[White "Anderson, Michael"]
[Black "Standen, Julian"]
[Result "1-0"]
[WhiteElo "1907"]
[BlackElo "1706"]
[PlyCount "56"]
[EventDate "2011.??.??"]

1. e4 c6 2. d4 d5 3. exd5 cxd5 4. Bd3 Nf6 5. c3 Nc6 6. h3 e5 7. dxe5 Nxe5 8.
Bc2 Be7 9. Nf3 Nxf3+ 10. Qxf3 O-O 11. O-O Be6 12. Be3 Qc7 13. Nd2 Rad8 14. Nb3
Rfe8 15. Nd4 Bd7 16. Rfd1 Bc6 17. Bf4 Qb6 18. Rab1 h6 19. Be5 Nd7 20. Bg3 Bf6
21. Qg4 Nf8 22. Bf4 Bd7 23. Qg3 Kh8 24. Bc7 Qa6 25. Bxd8 Rxd8 26. Bb3 Bc6 27.
Nc2 Ne6 28. Nb4 Qb6 1-0

[Event "Mechanics' Winter TNM; 30/90, SD/30"]
[Site "San Francisco"]
[Date "2011.01.04"]
[Round "1.15"]
[White "Banik, Siddharth"]
[Black "Capdeville, Barry"]
[Result "1-0"]
[WhiteElo "1765"]
[BlackElo "1268"]
[PlyCount "49"]
[EventDate "2011.??.??"]

1. e4 c5 2. Nf3 d6 3. d4 cxd4 4. Nxd4 Nf6 5. Nc3 a6 6. f4 Nbd7 7. Qf3 e6 8. Be3
Be7 9. Bc4 Nb6 10. Bb3 O-O 11. g4 e5 12. Nf5 Be6 13. Bxb6 Qxb6 14. Nxe7+ Kh8
15. Bxe6 fxe6 16. O-O-O Qc7 17. fxe5 dxe5 18. g5 Ng8 19. Ng6+ hxg6 20. Qh3+ Nh6
21. gxh6 Kg8 22. Qxe6+ Kh7 23. Rd7 Rae8 24. Qxe8 Rxe8 25. Rxc7 1-0

[Event "Mechanics' Winter TNM; 30/90, SD/30"]
[Site "San Francisco"]
[Date "2011.02.08"]
[Round "6.4"]
[White "Banik, Siddharth"]
[Black "Manvelyan, Hayk"]
[Result "1-0"]
[WhiteElo "1765"]
[BlackElo "2164"]
[PlyCount "75"]
[EventDate "2011.??.??"]

1. e4 e6 2. Nf3 d5 3. Nc3 d4 4. Ne2 c5 5. c3 dxc3 6. bxc3 Nc6 7. d3 Nf6 8. g3
Be7 9. Bg2 O-O 10. O-O Qc7 11. Ne1 b5 12. f4 Rd8 13. Qc2 Rb8 14. h3 b4 15. g4
Ba6 16. g5 Ne8 17. f5 bxc3 18. g6 hxg6 19. fxe6 Bf6 20. Bf4 Nd6 21. exf7+ Kh8
22. e5 Nxe5 23. Bxe5 Bxe5 24. Qa4 Nxf7 25. Qxa6 Rd6 26. Qc4 Rf6 27. Nf3 Rb4 28.
Qd5 Rd6 29. Nxe5 Rxd5 30. Nxf7+ Kh7 31. Bxd5 Rb2 32. Rf4 g5 33. Nxg5+ Kg6 34.
Raf1 Rxe2 35. Bf7+ Kxg5 36. Rg4+ Kh6 37. Rh4+ Kg5 38. Rh5# 1-0

[Event "Mechanics' Winter TNM; 30/90, SD/30"]
[Site "San Francisco"]
[Date "2011.01.25"]
[Round "4.3"]
[White "Banik, Siddharth"]
[Black "Rumph, Todd"]
[Result "0-1"]
[WhiteElo "1765"]
[BlackElo "2119"]
[PlyCount "40"]
[EventDate "2011.??.??"]

1. e4 e5 2. Bc4 Nf6 3. d4 exd4 4. Nf3 Bc5 5. e5 d5 6. Bb5+ Nfd7 7. O-O O-O 8.
Bd3 Be7 9. e6 fxe6 10. Nxd4 Nc5 11. Re1 Bd6 12. Nf3 Nxd3 13. Qxd3 Qf6 14. Nc3
Nc6 15. Kh1 Bd7 16. Ng5 Qf5 17. Qxf5 Rxf5 18. f4 Nd4 19. Rf1 Raf8 20. g4 Rxg5
0-1

[Event "Mechanics' Winter TNM; 30/90, SD/30"]
[Site "San Francisco"]
[Date "2011.02.15"]
[Round "7.4"]
[White "Banik, Siddharth"]
[Black "Traub, Igor"]
[Result "0-1"]
[WhiteElo "1765"]
[BlackElo "2097"]
[Annotator "Donaldson"]
[PlyCount "100"]
[EventDate "2011.??.??"]

1. e4 e6 2. Nf3 d5 3. Nc3 d4 4. Ne2 c5 5. c3 dxc3 6. bxc3 Nc6 7. d3 (7. d4)
7... Nf6 8. g3 c4 9. e5 cxd3 10. Ned4 (10. exf6 dxe2 11. Qxd8+ Nxd8 12. Bxe2
gxf6 13. Bb5+ Bd7) 10... Nxd4 11. cxd4 Bb4+ 12. Bd2 Bxd2+ 13. Qxd2 Ne4 14. Qxd3
Qa5+ 15. Nd2 Nxd2 16. Qxd2 Qd5 17. Rg1 (17. f3 Qxf3 (17... Bd7 18. Bg2 Bc6 19.
O-O O-O) 18. Bg2 Qh5 19. O-O O-O 20. Rac1) 17... O-O 18. Bg2 Qb5 19. Be4 (19.
f4 Bd7 20. Kf2 $11) 19... Rd8 20. h4 Qc4 21. Rd1 Bd7 22. Bd3 (22. Qd3) (22. Rc1
Qa4 23. Bc2 Qa3 24. g4 Bc6 25. Rg3) 22... Qd5 23. h5 Qf3 24. g4 Ba4 25. Rb1 Kh8
26. h6 Rxd4 27. hxg7+ Kxg7 28. Qg5+ Kf8 29. Rg3 Re4+ 30. Bxe4 Qxe4+ 31. Kd2
Qxb1 32. Qf6 Qxa2+ 33. Ke3 Qa3+ 34. Kf4 Qb4+ 35. Ke3 Qb6+ 36. Ke2 Bb5+ 37. Kf3
Qc6+ 38. Kf4 Rc8 39. Rf3 Qc2 40. Kg3 Qg6 41. Qh8+ Qg8 42. Qf6 Bc6 43. Rf4 Bd5
44. Rd4 Qg7 45. Qf4 Rc3+ 46. Kh2 Rf3 47. Qd2 Qxe5+ 48. Kg1 Ra3 49. Qb4+ Kg7 50.
Qb2 Qe1+ 0-1

[Event "Mechanics' Winter TNM; 30/90, SD/30"]
[Site "San Francisco"]
[Date "2011.01.04"]
[Round "1.4"]
[White "Bertot, German"]
[Black "Kristofurov, Sergey"]
[Result "0-1"]
[WhiteElo "1563"]
[BlackElo "2026"]
[PlyCount "42"]
[EventDate "2011.??.??"]

1. d4 d5 2. c4 c6 3. Nc3 Nf6 4. Nf3 e6 5. Bg5 Be7 6. e3 O-O 7. Bd3 Nbd7 8. c5
h6 9. Bh4 Re8 10. b4 e5 11. dxe5 Ng4 12. Bxe7 Qxe7 13. O-O Ndxe5 14. Be2 Nxf3+
15. Bxf3 Nxe3 16. fxe3 Qxe3+ 17. Kh1 Qxc3 18. a3 a5 19. Re1 Bf5 20. Qc1 Rxe1+
21. Qxe1 axb4 0-1

[Event "Mechanics' Winter TNM; 30/90, SD/30"]
[Site "San Francisco"]
[Date "2011.02.15"]
[Round "7.13"]
[White "Bertot, German"]
[Black "Litowsky, Daniel"]
[Result "1-0"]
[WhiteElo "1563"]
[BlackElo "1700"]
[Annotator "Donaldson"]
[PlyCount "75"]
[EventDate "2011.??.??"]

1. d4 d5 2. c4 c6 3. Nf3 Nf6 4. Nc3 Bf5 $6 (4... dxc4 5. a4 Bf5 6. e3 e6 7.
Bxc4 Bb4 8. O-O O-O 9. Qe2 Nbd7) (4... e6) 5. Bg5 (5. Qb3 Qb6 6. cxd5 (6. c5
Qc7 7. Bf4 Qc8 8. Nh4 Bg4 9. h3 Bh5 10. g4 Bg6 11. Nxg6 hxg6 12. e4 (12. Bg2 e6
13. e4)) 6... Qxb3) (5. cxd5 $1 cxd5 (5... Nxd5 6. e3 e6 7. Bc4 Be7 8. O-O O-O
9. Qe2 $14) 6. Qb3 Qb6 (6... b6 7. Bg5 e6 8. e4 dxe4 9. Bb5+ Nbd7 10. Ne5) 7.
Nxd5 Qxb3 8. Nxf6+) 5... Nbd7 6. e3 e6 7. Be2 (7. Bd3 Bxd3 8. Qxd3 Be7 9. O-O
O-O 10. Rfd1 (10. Rac1) (10. c5 b6 11. b4 a5 12. a3)) 7... Bb4 (7... Be7) 8. a3
(8. O-O O-O (8... Qa5 9. Qb3) 9. Qb3) 8... Bxc3+ 9. bxc3 Qa5 10. Qb3 O-O (10...
Ne4 11. Rc1 Nxg5 12. Nxg5) 11. Qb4 Qb6 12. c5 Qxb4 13. cxb4 a6 14. O-O h6 $6 (
14... Ne4 15. Bf4 Nc3) 15. Bf4 Ne4 16. Rfc1 Ra7 17. h3 Rfa8 18. Bc7 (18. a4) (
18. Kf1) 18... Rc8 19. Bf4 f6 20. a4 Kf7 21. Bh2 g5 22. Kf1 Kg6 $4 (22... h5
$11) 23. g4 Re8 24. gxf5+ exf5 25. Ke1 h5 26. Nd2 Nxd2 27. Kxd2 Re4 28. Rg1 Ra8
29. Rg2 Rae8 30. Rag1 Rh4 31. Rg3 Nf8 32. Bd3 Ne6 33. Rf3 Ng7 34. Bd6 g4 35.
Rfg3 Kg5 36. Bf4+ Kg6 37. hxg4 hxg4 38. Rxg4+ 1-0

[Event "Mechanics' Winter TNM; 30/90, SD/30"]
[Site "San Francisco"]
[Date "2011.01.18"]
[Round "3.11"]
[White "Bertot, German"]
[Black "Ochoa, Jason"]
[Result "0-1"]
[WhiteElo "1563"]
[BlackElo "1900"]
[PlyCount "98"]
[EventDate "2011.??.??"]

1. d4 Nc6 2. Nf3 d5 3. c4 Bg4 4. e3 Nf6 5. h3 Bh5 6. Be2 e6 7. Nc3 Bd6 8. cxd5
exd5 9. Qb3 O-O 10. O-O Qd7 11. Bd2 Rfe8 12. Rac1 Na5 13. Qc2 Nc4 14. Nxd5 Nxd2
15. Nxf6+ gxf6 16. Qxd2 Kh8 17. Nh4 Rg8 18. g4 Bxg4 19. hxg4 Rxg4+ 20. Bxg4
Qxg4+ 21. Ng2 Qf3 22. Qd1 Qh3 23. f4 Rg8 24. Qf3 Rg3 25. Qf2 h5 26. Rc2 h4 27.
Qe2 Qf5 28. Qd1 h3 29. Kh2 hxg2 30. Kxg3 gxf1=Q 31. Rh2+ Kg7 32. Qxf1 Qg5+ 33.
Kf2 Qa5 34. Qg2+ Kf8 35. Rh8+ Ke7 36. Qe4+ Be5 37. fxe5 Qd2+ 38. Kf3 Qd1+ 39.
Kf4 Qf1+ 40. Qf3 fxe5+ 41. Ke4 Qc4 42. Qf5 Qc6+ 43. d5 Qc2+ 44. Kxe5 Qxb2+ 45.
Ke4 Qxh8 46. Qe5+ Qxe5+ 47. Kxe5 b5 48. Kd4 Kd6 49. e4 f6 0-1

[Event "Mechanics' Winter TNM; 30/90, SD/30"]
[Site "San Francisco"]
[Date "2011.02.01"]
[Round "5.14"]
[White "Bertot, German"]
[Black "Ramachandran, Jayakrishnan"]
[Result "1-0"]
[WhiteElo "1563"]
[BlackElo "1913"]
[PlyCount "52"]
[EventDate "2011.??.??"]

1. d4 Nf6 2. c4 e6 3. Nf3 d5 4. Bg5 Nbd7 5. e3 Be7 6. Nc3 O-O 7. Bd3 c6 8. O-O
Ne8 9. Bxe7 Qxe7 10. Qc2 g6 11. Rfe1 f5 12. cxd5 exd5 13. e4 $2 fxe4 14. Nxe4
Ndf6 $2 (14... dxe4 15. Rxe4 (15. Bxe4 Qd6) 15... Qd8 {
causes serious doubt on White's 13th move.}) 15. Neg5 Qg7 16. Qc5 Qc7 17. Re7
Qd6 18. Rae1 b6 19. Qc2 h6 20. Bxg6 hxg5 21. Nxg5 Ne4 22. Bh7+ Kh8 23. Nf7+ $2
(23. R1xe4 dxe4 24. Rxe8 {wins}) 23... Rxf7 24. Rxf7 Be6 $11 {
'leading to a draw by repetition is best play.'} 25. Rf3 $2 (25. Rb7 Bc8 26.
Rf7 Be6 {leading to a draw by repetition is best play.}) 25... Kxh7 26. Rfe3
N8f6 {The scoresheets give out here. Black is much better but ended up losing.
1-0 Bertot,G-Ramachandran,J} 1-0

[Event "Mechanics' Winter TNM; 30/90, SD/30"]
[Site "San Francisco"]
[Date "2011.01.18"]
[Round "3.3"]
[White "Byambaa, Uyanga"]
[Black "Khristoforov, Sergey"]
[Result "1/2-1/2"]
[WhiteElo "1829"]
[BlackElo "2026"]
[PlyCount "85"]
[EventDate "2011.??.??"]

1. e4 c6 2. d4 d5 3. Nd2 dxe4 4. Nxe4 Bf5 5. Ng3 Bg6 6. Nf3 Nd7 7. h4 h6 8. Bd3
Bxd3 9. Qxd3 Ngf6 10. Nf5 e6 11. Ne3 Qc7 12. Bd2 O-O-O 13. b4 Nd5 14. Nxd5 cxd5
15. O-O Bd6 16. Rfc1 Nb6 17. a4 Nc4 18. b5 Kd7 19. a5 Rc8 20. Be1 Bf4 21. Rcb1
b6 22. axb6 axb6 23. Ra6 Ra8 24. Rba1 Qb7 25. Qb3 Bc7 26. Bb4 Rhb8 27. Ne1 Rxa6
28. bxa6 Qc6 29. Qf3 Ke8 30. Nd3 Ra8 31. Qg4 g6 32. h5 g5 33. Qe2 Qb5 34. a7
Nb2 35. Qd2 Na4 36. c3 Rxa7 37. Qc2 Ra6 38. Ne1 Nc5 39. Rb1 Ne4 40. f3 Nf6 41.
Be7 Qxb1 42. Qxb1 Kxe7 43. g4 1/2-1/2

[Event "Mechanics' Winter TNM; 30/90, SD/30"]
[Site "San Francisco"]
[Date "2011.01.11"]
[Round "2.3"]
[White "Byambaa, Uyanga"]
[Black "Margulis, Igor"]
[Result "1-0"]
[WhiteElo "1829"]
[BlackElo "2100"]
[PlyCount "105"]
[EventDate "2011.??.??"]

1. e4 e5 2. Nf3 d6 3. Bc4 Be7 4. c3 Nf6 5. O-O O-O 6. Re1 Nc6 7. d4 exd4 8.
cxd4 d5 9. exd5 Nxd5 10. Nc3 Be6 11. Bd3 Bf6 12. Be3 Re8 13. h3 Qd7 14. Ne4 Be7
15. Bb5 Nxe3 16. fxe3 Qd5 17. Nc3 Qh5 18. Ne5 Qxd1 19. Raxd1 a6 20. Bxc6 bxc6
21. Nxc6 Bh4 22. Rf1 Bc4 23. Rf3 f6 24. e4 Bf7 25. g3 Bh5 26. g4 Bg6 27. e5 a5
28. Re3 Ra6 29. d5 fxe5 30. Rxe5 Bf6 31. Rxe8+ Bxe8 32. Nd4 Rb6 33. b3 Rb4 34.
Nce2 a4 35. a3 Rb6 36. b4 Bf7 37. Nc3 Rd6 38. Ndb5 Rd7 39. Nxa4 Rxd5 40. Rxd5
Bxd5 41. Nxc7 Bd4+ 42. Kf1 Bc4+ 43. Ke1 Be5 44. Nb6 Bc3+ 45. Kd1 Bb3+ 46. Ke2
Bb2 47. a4 Be5 48. Ncd5 Kf7 49. a5 Ke6 50. a6 Bb8 51. Nc3 Ba7 52. Nc8 Bc4+ 53.
Kd2 1-0

[Event "Mechanics' Winter TNM; 30/90, SD/30"]
[Site "San Francisco"]
[Date "2011.02.08"]
[Round "6.5"]
[White "Byambaa, Uyanga"]
[Black "Rumph, Todd"]
[Result "1-0"]
[WhiteElo "1829"]
[BlackElo "2119"]
[PlyCount "59"]
[EventDate "2011.??.??"]

1. e4 e5 2. Nf3 Nc6 3. Bb5 a6 4. Ba4 d6 5. d4 b5 6. Bb3 Nxd4 7. Nxd4 exd4 8.
Bd5 Rb8 9. Qxd4 Bd7 10. c3 Nf6 11. O-O Be7 12. Bb3 O-O 13. Bg5 c5 14. Qd1 Bc6
15. f3 h6 16. Bxf6 Bxf6 17. Bd5 Bxd5 18. Qxd5 Re8 19. Rd1 Be5 20. Nd2 Re6 21.
Nf1 b4 22. Rac1 Rg6 23. Rc2 Qf6 24. Ne3 Qxf3 25. Nf5 Rg4 26. Re1 bxc3 27. bxc3
Re8 28. Rf2 Qxc3 29. Ref1 Re6 30. Qb7 {B time expired} 1-0

[Event "Mechanics' Winter TNM; 30/90, SD/30"]
[Site "San Francisco"]
[Date "2011.02.22"]
[Round "8.1"]
[White "Byambaa, Uyanga"]
[Black "Shipman, Walter"]
[Result "1/2-1/2"]
[WhiteElo "1829"]
[BlackElo "2200"]
[PlyCount "118"]
[EventDate "2011.??.??"]

1. e4 e5 2. Nf3 Nc6 3. Bb5 Nge7 4. O-O Ng6 5. c3 a6 6. Ba4 d5 7. exd5 Qxd5 8.
d4 Bg4 9. Bb3 Qd7 10. h3 Bf5 11. Ng5 Nd8 12. dxe5 Qxd1 13. Rxd1 Nxe5 14. Re1 f6
15. Bf4 Bd6 16. Nd2 Kd7 17. Bxe5 Bxe5 18. Ndf3 Bd6 19. Nd4 fxg5 20. Nxf5 g6 21.
Nxd6 cxd6 22. Rad1 Rc8 23. Re5 h6 24. c4 Rf8 25. c5 Rf6 26. Ba4+ Nc6 27. Red5
Rcf8 28. Rxd6+ Kc7 29. Rd7+ Kc8 30. f3 Rf5 31. Bxc6 bxc6 32. b4 a5 33. bxa5
Rxc5 34. a6 Kb8 35. Rb7+ Ka8 36. Rdd7 Rb5 37. Ra7+ Kb8 38. Rac7 Rb6 39. a7+ Ka8
40. Rg7 c5 41. Rxc5 Ra6 42. Rcc7 h5 43. Rc5 g4 44. hxg4 hxg4 45. fxg4 Rxa2 46.
Rc6 g5 47. Rc5 Ra1+ 48. Kh2 Rh8+ 49. Kg3 Ra3+ 50. Kf2 Ra2+ 51. Kf3 Ra3+ 52. Ke4
Ra2 53. Rcxg5 Rxg2 54. Ra5 (54. Rg8+ Rxg8 55. Rxg8+ Kxa7 56. g5 {
was an easy win.}) 54... Re8+ 55. Kf5 Rf8+ 56. Kg6 $4 Rxg4+ 57. Rg5 Rxg5+ 58.
Kxg5 Rf1 59. Rd7 Ra1 1/2-1/2

[Event "Mechanics' Winter TNM; 30/90, SD/30"]
[Site "San Francisco"]
[Date "2011.01.11"]
[Round "2.18"]
[White "Capdeville, Barry"]
[Black "Bertot, German"]
[Result "0-1"]
[WhiteElo "1268"]
[BlackElo "1563"]
[PlyCount "78"]
[EventDate "2011.??.??"]

1. e4 e5 2. Nf3 Nc6 3. Bb5 a6 4. Ba4 Nf6 5. O-O b5 6. Bb3 Bc5 7. c3 O-O 8. Re1
d6 9. d4 exd4 10. cxd4 Ba7 11. h3 h6 12. Nc3 Re8 13. a3 Bb7 14. Qc2 Nxd4 15.
Nxd4 Bxd4 16. Bf4 Bxc3 17. Qxc3 Nxe4 18. Qc2 Qd7 19. Rad1 Nc5 20. Ba2 Be4 21.
Qxc5 Qd8 22. Qd4 Bg6 23. Bd5 Rb8 24. Bc6 Re6 25. Rxe6 fxe6 26. Qa7 Rb6 27. Bb7
Qd7 28. Qa8+ Kh7 29. Bc8 Qd8 30. Bb7 Qd7 31. Bxa6 b4 32. Be3 bxa3 33. bxa3 Qa4
34. Bxb6 Qxd1+ 35. Kh2 cxb6 36. Qc6 Qd4 37. Bb5 Be4 38. Qc1 Qe5+ 39. Kg1 Qxb5
0-1